Sample sizes for clinical trials / (Record no. 38180)

MARC details
000 -LEADER
fixed length control field 02158cam a22002058i 4500
020 ## - INTERNATIONAL STANDARD BOOK NUMBER
ISBN 9781032454269
041 ## - LANGUAGE CODE
Language code of text/sound track or separate title eng
082 00 - DEWEY DECIMAL CLASSIFICATION NUMBER
Classification number 615.50724
Item number JUL-S
100 1# - MAIN ENTRY--AUTHOR NAME
Personal name Julious, Steven A.
Relator term author.
245 10 - TITLE STATEMENT
Title Sample sizes for clinical trials /
Statement of responsibility, etc Steven A. Julious, University of Sheffield, United Kingdom.
250 ## - EDITION STATEMENT
Edition statement Second edition.
260 ## - PUBLICATION, DISTRIBUTION, ETC. (IMPRINT)
Place of publication Boca Raton :
Name of publisher CRC,
Year of publication 2023.
300 ## - PHYSICAL DESCRIPTION
Number of Pages xxiv, 396p.
504 ## - BIBLIOGRAPHY, ETC. NOTE
Bibliography, etc Includes bibliographical references and index.
520 ## - SUMMARY, ETC.
Summary, etc "Sample Sizes for Clinical Trials, Second Edition is a practical book that assists researchers in their estimation of the sample size for clinical trials. Throughout the book there are detailed worked examples to illustrate both how to do the calculations and how to present them to colleagues or in protocols. The book also highlights some of the pitfalls in calculations as well as the key steps that lead to the final sample size calculation. Features: comprehensive coverage of sample size calculations, including normal, binary, ordinal, and survival outcome data, covers superiority, equivalence, non-inferiority, bioequivalence and precision objectives for both parallel group and crossover designs, highlights how trial objectives impact the study design with respect to both the derivation of sample formulae and the size of the study, and examples of real-life clinical trials showing how the calculations can be applied. This new edition is extended with all chapters revised, some substantially, and four completely new chapters on multiplicity, cluster trials, pilot studies, and single arm trials. The book is primarily aimed at researchers and practitioners of clinical trials and biostatistics, and could be used to teach a course on sample size calculations. The importance of a sample size calculation when designing a clinical trial is highlighted in the book. It enables readers to quickly find an appropriate sample size formula, with an associated worked example, complemented by tables to assist in the calculations"--
546 ## - LANGUAGE NOTE
Language note English.
650 #0 - SUBJECT ADDED ENTRY--TOPICAL TERM
Topical Term Clinical trials
General subdivision Statistical methods.
650 #0 - SUBJECT ADDED ENTRY--TOPICAL TERM
Topical Term Sampling (Statistics)
942 ## - ADDED ENTRY ELEMENTS (KOHA)
Source of classification or shelving scheme Dewey Decimal Classification
Koha item type Books
Holdings
Withdrawn status Lost status Damaged status Not for loan Home library Current library Date acquired Source of acquisition Cost, normal purchase price Full call number Accession Number Cost, replacement price Price effective from Koha item type
        NASSDOC Library NASSDOC Library 16/03/2023 Overseas Press India Private Limited 0.00 615.50724 JUL-S 52817 0.00 20/07/2023 Books